00650nam a2200217 4500003000400000005001700004008004100021040001800062050001500080100003100095245007600126264005000202300001700252336002200269337002400291338002400315650003100339700003300370942001200403999001700415OSt20260530113850.0260421b1964 xxua|||| |||| 00| 0 eng d aICIbspacICI aTA153bA381 aAlger, John R. M., 93113710aCreative synthesis in design / b By John r. m. alger and carl v. hays. 1b Prentice Hall, c c1964aEnglewood cliffs :  a92 páginas atexto2rdacontent asin medio2rdamedia avolumen2rdacarrier4 aDiseño industrial915218 aHays, Carl V.,eautor931138 2lcccBK c11422d11422